
Library Catalogue

| 000 -LEADER | |
|---|---|
| fixed length control field | 02200nam a22002297a 4500 |
| 005 - DATE AND TIME OF LATEST TRANSACTION | |
| control field | 20260205062212.0 |
| 008 - FIXED-LENGTH DATA ELEMENTS--GENERAL INFORMATION | |
| fixed length control field | 260205b |||||||| |||| 00| 0 eng d |
| 020 ## - INTERNATIONAL STANDARD BOOK NUMBER | |
| International Standard Book Number | 9781784732790 (papeback) |
| 082 ## - DEWEY DECIMAL CLASSIFICATION NUMBER | |
| Classification number | 345.42014234 HED |
| 100 ## - MAIN ENTRY--PERSONAL NAME | |
| Personal name | Hedley, Mark. |
| 245 ## - TITLE STATEMENT | |
| Title | The modern judge: |
| Remainder of title | power, responsibility and society's expectations / |
| Statement of responsibility, etc. | Mark Hedley |
| 260 ## - PUBLICATION, DISTRIBUTION, ETC. | |
| Place of publication, distribution, etc. | Bristol : |
| Name of publisher, distributor, etc. | LexisNexis, |
| Date of publication, distribution, etc. | 2016. |
| 300 ## - PHYSICAL DESCRIPTION | |
| Extent | x, 97 pages. |
| Dimensions | 18 cm. |
| 365 ## - TRADE PRICE | |
| Price amount | Rs. 5045.00 |
| 505 ## - FORMATTED CONTENTS NOTE | |
| Formatted contents note | Chapter 1: Why this book? – <br/>Chapter 2: Judges today : what is their role? – <br/>Chapter 3: What is truth? : the relationship between truth, proof and justice – <br/>Chapter 4: The state and family life : should the state intervene to protect? – <br/>Chapter 5: Welfare and best interests : public, personal or judicial values – <br/>Chapter 6: Securing protection or promoting autonomy? – <br/>Chapter 7: Sentencing : what is society's purpose? – <br/>Chapter 8: What of the future?. <br/> |
| 520 ## - SUMMARY, ETC. | |
| Summary, etc. | Sir Mark's aim in this book is to be frank rather than scholarly about judging. The trial judge is in a very different position to the appellate judge. The trial is where the facts are determined and it is essentially a trail judge who exercises the powers of discretion which modern society increasingly vests in its judiciary. As society becomes more complex, so does the law. However, law cannot provide for every circumstance and so its application often involves the exercise of discretion. Criminal sentencing, child welfare, the protection of those who lack mental capacity and disputes about medical treatment are obvious examples. How do judges go about that? How far are judges influenced or affected by their backgrounds, beliefs and own life experiences? And, if consistency is an aspect of public justice, can that be achieved? And what about the conflict between public justice and personal privacy? Many see these as pressing questions in a society where judges have perhaps greater effective power than ever before. |
| 650 ## - SUBJECT ADDED ENTRY--TOPICAL TERM | |
| Topical term or geographic name entry element | Judges--England |
| 650 ## - SUBJECT ADDED ENTRY--TOPICAL TERM | |
| Topical term or geographic name entry element | Judicial process--England |
| 650 ## - SUBJECT ADDED ENTRY--TOPICAL TERM | |
| Topical term or geographic name entry element | Justice, Administration of--England |
| 650 ## - SUBJECT ADDED ENTRY--TOPICAL TERM | |
| Topical term or geographic name entry element | Domestic relations—England |
| 942 ## - ADDED ENTRY ELEMENTS (KOHA) | |
| Source of classification or shelving scheme | Dewey Decimal Classification |
| Koha item type | BOOKs |
| Withdrawn status | Lost status | Source of classification or shelving scheme | Materials specified (bound volume or other part) | Damaged status | Not for loan | Home library | Current library | Shelving location | Date acquired | Source of acquisition | Cost, normal purchase price | Total Checkouts | Full call number | Barcode | Date last seen | Price effective from | Koha item type | Public note |
|---|---|---|---|---|---|---|---|---|---|---|---|---|---|---|---|---|---|---|
| Dewey Decimal Classification | PB | Not For Loan | . | . | Circulation Counter | 05.02.2026 | Purchased - Amazon.in | 5045.00 | 345.42014234 HED | 40708 | 05.02.2026 | 05.02.2026 | BOOKs | Recommended by Prof. Dr. Sanjay Jain |